国内游客最多的省份- 扫雷模式 Provinces with the most domestic tourists- suden death - Statistics

General Stats
  • This quiz has been taken 115 times
  • The average score is 5 of 15
Answers on the Grid
Answers color-coded by a green-red scale on the quiz's grid according to % correct below.
北京
天津
河北
山西
内蒙古
辽宁
吉林
黑龙江
上海
江苏
浙江
安徽
福建
江西
山东
河南
湖北
湖南
广东
广西
海南
重庆
四川
贵州
云南
西藏
陕西
甘肃
青海
宁夏
新疆
 
Answer Stats
Answer % Correct
北京
91%
广东
60%
上海
53%
江苏
49%
浙江
46%
四川
35%
山东
32%
陕西
23%
湖北
19%
云南
18%
湖南
14%
重庆
14%
福建
12%
安徽
9%
贵州
2%
No matching quizzes found
Score Distribution
Percent of People with Each Score
Percentile by Number Answered
Your Score History
You have not taken this quiz